MARC details
| 000 -CABECERA |
| campo de control de longitud fija |
01034nam a2200289 a 4500 |
| 005 - FECHA Y HORA DE LA ÚLTIMA TRANSACCIÓN |
| campo de control |
20240924070515.0 |
| 008 - ELEMENTOS DE LONGITUD FIJA--INFORMACIÓN GENERAL |
| campo de control de longitud fija |
991125s1998 mx 000 0 spa u |
| 020 ## - NÚMERO INTERNACIONAL NORMALIZADO PARA LIBROS |
| Número Internacional Estándar del Libro |
9684272138 (Capitalismo global) |
| 020 ## - NÚMERO INTERNACIONAL NORMALIZADO PARA LIBROS |
| Número Internacional Estándar del Libro |
9684272154 (Economía de mercado) |
| 035 ## - NÚMERO DE CONTROL DEL SISTEMA |
| Número de control de sistema |
UPN01000024601 |
| 049 ## - COLECCIÓN |
| Colección |
CG |
| 050 #4 - SIGNATURA TOPOGRÁFICA DE LA BIBLIOTECA DEL CONGRESO |
| Número de clasificación |
HB87 |
| Número de documento/Ítem |
F5.6 1998 |
| 245 00 - MENCIÓN DE TÍTULO |
| Título |
Fin del capitalismo global : |
| Resto del título |
el nuevo proyecto histórico / |
| Mención de responsabilidad, etc. |
Heinz Dieterich ... [et al.]. |
| 250 ## - MENCIÓN DE EDICIÓN |
| Mención de edición |
2a ed. |
| 260 ## - PUBLICACIÓN, DISTRIBUCIÓN, ETC. |
| Lugar de publicación, distribución, etc. |
México : |
| Nombre del editor, distribuidor, etc. |
Nuestro Tiempo, |
| Fecha de publicación, distribución, etc. |
1998. |
| 300 ## - DESCRIPCIÓN FÍSICA |
| Extensión |
189 p. : |
| Otras características físicas |
mapas |
| 440 #0 - MENCIÓN DE SERIE/ASIENTO SECUNDARIO--TÍTULO |
| Título |
Temas de actualidad |
| 590 ## - NOTA LOCAL (RLIN) |
| Nota local |
(También localizas un ejemplar en el "Area de Reserva") |
| 590 ## - NOTA LOCAL (RLIN) |
| Nota local |
Bibliografía Básica (BGTQ) |
| 650 #4 - ASIENTO SECUNDARIO DE MATERIA - TERMINO TEMATICO |
| Término de materia o nombre geográfico como elemento de entrada |
Globalización |
| 9 (RLIN) |
5377 |
| 650 #4 - ASIENTO SECUNDARIO DE MATERIA - TERMINO TEMATICO |
| Término de materia o nombre geográfico como elemento de entrada |
HISTORIA ECONOMICA - |
| Subdivisión cronológica |
SIGLO XX |
| 9 (RLIN) |
14159 |
| 650 #4 - ASIENTO SECUNDARIO DE MATERIA - TERMINO TEMATICO |
| Término de materia o nombre geográfico como elemento de entrada |
HISTORIA MODERNA - |
| Subdivisión cronológica |
SIGLO XX |
| 9 (RLIN) |
14204 |
| 650 #4 - ASIENTO SECUNDARIO DE MATERIA - TERMINO TEMATICO |
| Término de materia o nombre geográfico como elemento de entrada |
POLITICA MUNDIAL - |
| Subdivisión cronológica |
SIGLO XX |
| 9 (RLIN) |
1449 |
| 700 1# - ASIENTO SECUNDARIO--NOMBRE DE PERSONAL |
| Nombre de persona |
Dieterich, Heinz, |
| Fechas asociadas al nombre |
1943- |
| Término indicativo de función/relación |
coaut. |
| 9 (RLIN) |
30850 |
| 740 0# - ASIENTO SECUNDARIO - TÍTULOS RELACIONADOS /ANALITICOS NO CONTROLADOS |
| Título relacionado o analítico no controlado |
Fin de la economía de mercado : el nuevo proyecto histórico |
| 905 ## - TIPO DE MATERIAL |
| Tipo de material |
Libro |